Head of State Flags of Countries #7 - Statistics

General Stats
  • This quiz has been taken 4 times
  • The average score is 11 of 16
Answer Stats
Picture Answer % Correct
Kenya
100%
Ukraine
100%
Zambia
100%
Bangladesh
75%
Guatemala
75%
Ivory Coast
75%
Maldives
75%
Mauritania
75%
Mozambique
75%
Nigeria
75%
Singapore
75%
Togo
75%
Tunisia
75%
El Salvador
50%
Gambia
0%
Guinea-Bissau
0%
No matching quizzes found
Score Distribution
Percent of People with Each Score
Percentile by Number Answered
Your Score History
You have not taken this quiz